Cargando...
റിഹേഴ്സൽ ക്യാമ്പ് /
| Autor Principal: | |
|---|---|
| Outros autores: | |
| Formato: | Printed Book |
| Publicado: |
Kottayam:
D.C.Books,
2004.
|
| Subjects: |
| LEADER | 00566cam a2200157ua 4500 | ||
|---|---|---|---|
| 020 | |a 81-7130-541-5 | ||
| 082 | |a M894.812 371 |b ASH/R | ||
| 100 | 0 | |a അഷ്ടമൂർത്തി | |
| 245 | 0 | 0 | |a റിഹേഴ്സൽ ക്യാമ്പ് / |
| 260 | |a Kottayam: |b D.C.Books, |c 2004. | ||
| 300 | |a 235p. | ||
| 650 | 0 | |a Rehersal camp |a Malayalam- novel | |
| 700 | |a Ashtamurthi | ||
| 942 | |c BK | ||
| 999 | |c 10314 |d 10314 | ||
| 952 | |0 0 |1 0 |4 0 |6 M_894_812000000000000_371_ASH |7 0 |9 10765 |a KUCL |b KUCL |d 2014-05-23 |l 1 |o M894.812 371 ASH/ |p 12178 |r 2015-07-23 |s 2015-06-17 |w 2014-05-23 |y BK | ||